000 00369nam a22001577a 4500
003 OSt
005 20240321122115.0
008 221029b xxu||||| |||| 00| 0 eng d
020 _aNA
040 _cIIMT UNIVERSITY, MEERUT
100 _aPANDAY BRIJ BHUSHAN
245 _aOPERATING SYSTEM
260 _aMEERUT
_bTIRUPATI PUB
_c2022
300 _a143
942 _2ddc
_c02
999 _c55905
_d55905